| 000 | 01972nam a2200301Ia 4500 | ||
|---|---|---|---|
| 999 |
_c51665 _d51665 |
||
| 001 | 18656 | ||
| 003 | GE_BSU | ||
| 005 | 20220920165143.0 | ||
| 008 | 181216s2008||||ge |||||||||||||| ||geo|| | ||
| 040 | _cGE_BSU | ||
| 041 | _ageo | ||
| 080 | _a33 ქ-16 | ||
| 100 |
_aქათამაძე, გულიკო _910475 |
||
| 245 |
_aთანამედროვე პირობებში სამამულო ნაწარმით ვაჭრობის განვითარების ასპექტები : დისერტაცია / _cგულიკო ქათამაძე; სამეცნიერო ხელმძღვანელი პ. ლემონჯავა; ბათუმის შოთა რუსთაველის სახელმწიფო უნივერსიტეტი. |
||
| 264 |
_aბათუმი, _b _c2008. |
||
| 300 |
_a175 გვ.; _b30 სმ. |
||
| 504 | _aბიბლიოგრ.: გვ. 151-163 | ||
| 653 | _aდისერტაცია | ||
| 653 | _aეკონომიკა | ||
| 653 | _aთანამედროვე პირობებში სამამულო ნაწარმით ვაჭრობის განვითარების ასპექტები | ||
| 653 | _aსამრეწველო საქონლით ვაჭრობა საქართველოში | ||
| 653 | _aსამამულო ნაწარმის კონკურენტუნარიანობის ამაღლება | ||
| 653 | _aიმპორტი | ||
| 653 | _aექსპორტი | ||
| 700 |
_aლემონჯავა, პ. _e სამეცნიერო ხელმძღვანელი _910476 |
||
| 710 |
_aბათუმის შოთა რუსთაველის სახელმწიფო უნივერსიტეტი _910477 |
||
| 942 |
_cBK _2udc |
||